000 00502nam a2200181Ia 4500
008 100917s9999 xx 000 0 und d
082 _b59607
100 _aदिघे प्रभाकर
245 _aकमांडर
260 _bगुलमोहर पब्लिकेशन्स
_c1983
300 _a192
365 _b30
520 _aकादंबरी
630 _aकमांडर
650 _aकादंबरी
730 _aकमांडर
942 _cBOOK
999 _c665001
_d664998